| 000 | 01638nam0a2200325 4500 | ||
|---|---|---|---|
| 001 | RU\NLR\BIBL_A\021968913 | ||
| 005 | 20231026183923.0 | ||
| 010 |
_a978-5-00089-581-8 _9500 |
||
| 021 |
_aRU _bКН-П-23-032251 _9КН-П-23-3189 |
||
| 035 | _a(NLR Aleph) 021968913 | ||
| 090 |
_a12352792 _c12352792 |
||
| 100 | _a20230626d2022 k y0rusy50 ca | ||
| 101 | 0 | _arus | |
| 102 | _aRU | ||
| 105 | _aa|||z|||000zy | ||
| 181 | 0 |
_ai _baxxe |
|
| 182 | 0 | _an | |
| 200 | 1 |
_aЧастные вспомогательные занятия: теория и практика _eмонография _fЛ. В. Байбородова, Е. Н. Шипкова _gМинистерство просвещения Российской Федерации, ФГБОУ ВО "Ярославский государственный педагогический университет им. К. Д. Ушинского" |
|
| 203 |
_aТекст _bвизуальный _cнепосредственный |
||
| 210 |
_aЯрославль _cРИО ЯГПУ _d2022 |
||
| 215 |
_a207 с. _cил., табл. _d21 |
||
| 320 | _aБиблиогр.: с. 137-160 (233 назв.) | ||
| 606 | 1 |
_aШкольные репетиторы _xМетодика работы _92563702 _3RU\NLR\AUTH\6601728460 |
|
| 686 | 1 | _aЧ421.38 | |
| 700 | 1 |
_7ca _8rus _aБайбородова _bЛ. В. _cд-р пед. наук _f1952- _gЛюдмила Васильевна _983430 _3RU\NLR\AUTH\77100504 |
|
| 701 | 1 |
_aШипкова _bЕ. Н. _gЕлена Николаевна |
|
| 942 | _cBOOK | ||
| 980 | _aNB | ||